[Event "ROM-ch U12 Girls"]
[Site "Baile Felix"]
[Date "2017.02.07"]
[Round "7"]
[White "Enachescu, Alexandra Maria"]
[Black "Iorga, Maria Irina"]
[Result "1/2-1/2"]
[WhiteElo "1095"]
[BlackElo "1054"]
[PlyCount "63"]
[EventDate "2017.02.02"]
[EventType "swiss"]
[EventRounds "9"]
[EventCountry "ROU"]
[SourceTitle "CBM 176 Extra"]
[Source "ChessBase"]
[SourceDate "2017.03.02"]
[SourceVersion "1"]
[SourceVersionDate "2017.03.02"]
[SourceQuality "1"]

1. e4 d5 2. exd5 Qxd5 3. Nc3 Qa5 4. d3 c6 5. Nf3 Nf6 6. Be2 g6 7. Bd2 Bg7 8. 0-0 0-0 9. Qc1 Bg4 10. Bh6 Bxf3 11. Bxf3 Nbd7 12. Bxg7 Kxg7 13. Qe1 e6 14. Ne4 Qxe1 15. Rfxe1 Nxe4 16. Rxe4 Nf6 17. Rb4 Rab8 18. Rd1 Nd5 19. Bxd5 cxd5 20. h3 Rfc8 21. c4 dxc4 22. dxc4 Rc7 23. Rc1 a6 24. Rd1 Rbc8 25. b3 Rb8 26. Rd6 h5 27. Kf1 Kf8 28. Ke2 Ke7 29. Rbb6 Rd7 30. Rxd7+ Kxd7 31. Kd3 Kc7 32. c5 1/2-1/2

[Event "ROM-ch U10 Girls"]
[Site "Calimanesti"]
[Date "2015.04.05"]
[Round "8"]
[White "Enachescu, Alexandra Maria"]
[Black "Puia, Alexia Teodora"]
[Result "0-1"]
[WhiteElo "1026"]
[BlackElo "1345"]
[PlyCount "106"]
[EventDate "2015.03.30"]
[EventType "swiss"]
[EventRounds "9"]
[EventCountry "ROU"]
[SourceTitle "CBM 165 Extra"]
[Source "ChessBase"]
[SourceDate "2015.04.21"]
[SourceVersion "1"]
[SourceVersionDate "2015.04.21"]
[SourceQuality "1"]

1. d4 Nf6 2. Bg5 g6 3. Bxf6 exf6 4. Nc3 Bg7 5. Nf3 0-0 6. e4 Re8 7. Bd3 f5 8. 0-0 fxe4 9. Bxe4 Nc6 10. Bd5 Qf6 11. Nb5 Qd8 12. Re1 Rxe1+ 13. Qxe1 a6 14. Bxc6 dxc6 15. Nc3 Bg4 16. Rd1 Bxf3 17. gxf3 Qg5+ 18. Kh1 Qf4 19. Qe4 Qxe4 20. fxe4 Rd8 21. Ne2 c5 22. c3 cxd4 23. Rd3 c5 24. cxd4 Bxd4 25. Nxd4 Rxd4 26. Rxd4 cxd4 27. Kg1 Kf8 28. Kf1 Ke7 29. Ke2 Kd6 30. Kd3 Ke5 31. f3 h5 32. Ke2 f5 33. exf5 Kxf5 34. Kd3 Kf4 35. Ke2 d3+ 36. Kxd3 Kxf3 37. Kd2 Kg2 38. Ke3 g5 39. Ke4 g4 40. Kf4 Kxh2 41. Kg5 g3 42. Kxh5 g2 43. Kg5 g1Q+ 44. Kf5 Kh3 45. Ke5 Qf2 46. Ke4 Kg4 47. Kd3 Kf4 48. Kc3 Ke4 49. Kb3 Qe3+ 50. Ka4 Qb6 51. b3 Kd3 52. Ka3 Kc3 53. Ka4 Qb4# 0-1

[Event "ROM-ch U10 Girls"]
[Site "Calimanesti"]
[Date "2015.04.04"]
[Round "7"]
[White "Angheluta, Diana"]
[Black "Enachescu, Alexandra Maria"]
[Result "1/2-1/2"]
[WhiteElo "1239"]
[BlackElo "1026"]
[PlyCount "41"]
[EventDate "2015.03.30"]
[EventType "swiss"]
[EventRounds "9"]
[EventCountry "ROU"]
[SourceTitle "CBM 165 Extra"]
[Source "ChessBase"]
[SourceDate "2015.04.21"]
[SourceVersion "1"]
[SourceVersionDate "2015.04.21"]
[SourceQuality "1"]

1. c4 e5 2. Nc3 Nc6 3. e4 d6 4. g3 Be7 5. Bg2 Be6 6. d3 h5 7. Nge2 Qd7 8. Bd2 Bg4 9. h3 Be6 10. Qc2 Nb4 11. Qb1 0-0-0 12. a3 Nc6 13. b4 Re8 14. b5 Nb8 15. a4 Kd8 16. a5 c6 17. Be3 c5 18. a6 b6 19. Na4 Qc7 20. 0-0 Nf6 21. Kh2 1/2-1/2

[Event "ROM-ch U10 Girls"]
[Site "Calimanesti"]
[Date "2015.04.02"]
[Round "4"]
[White "Bocanici, Daria Maria"]
[Black "Enachescu, Alexandra Maria"]
[Result "1-0"]
[WhiteElo "1001"]
[BlackElo "1026"]
[PlyCount "53"]
[EventDate "2015.03.30"]
[EventType "swiss"]
[EventRounds "9"]
[EventCountry "ROU"]
[SourceTitle "CBM 165 Extra"]
[Source "ChessBase"]
[SourceDate "2015.04.21"]
[SourceVersion "1"]
[SourceVersionDate "2015.04.21"]
[SourceQuality "1"]

1. e4 e6 2. d4 d5 3. Nc3 Nf6 4. e5 Nfd7 5. Bb5 a6 6. Bd3 Nc6 7. Nf3 Be7 8. a3 f6 9. exf6 Bxf6 10. Be3 Nf8 11. Qd2 h6 12. 0-0-0 Ne7 13. Qe2 Nfg6 14. Bd2 0-0 15. g3 Qd6 16. h4 e5 17. h5 e4 18. hxg6 Nxg6 19. Nxe4 dxe4 20. Qxe4 Bg5 21. Nxg5 hxg5 22. Bb4 Bf5 23. Bc4+ Be6 24. Bxe6+ Rf7 25. Bxd6 cxd6 26. Qxg6 Raf8 27. Qh7# 1-0